15 Best Countries of the World - by Newsweek - Statistics

General Stats
  • This quiz has been taken 208 times
  • The average score is 14 of 15
Answers on the Map
Answers color-coded by a green-red scale on the quiz's map according to % correct below.
 
Answer Stats
Answer % Correct
United States 11
98%
Canada 7
97%
Australia 4
95%
Norway 6
95%
Sweden 3
95%
United Kingdom 14
95%
Finland 1
93%
Germany 12
92%
Japan 9
92%
Denmark 10
91%
New Zealand 13
89%
Switzerland 2
87%
Netherlands 8
85%
South Korea 15
84%
Luxembourg 5
69%
No matching quizzes found
Score Distribution
Percent of People with Each Score
Percentile by Number Answered
Your Score History
You have not taken this quiz